| 000 | 01253cam a2200289 i 4500 | ||
|---|---|---|---|
| 003 | SA-RiAUC | ||
| 005 | 20241204141459.0 | ||
| 008 | 241201s1992 su g 00010dara c | ||
| 020 | _a9960271722 | ||
| 040 |
_aSA-JeALM _bara _cSA-RiAUC _erda |
||
| 082 | 0 | 4 | _a258.4 |
| 090 |
_a258.4 _bغ ط ي |
||
| 100 | 1 |
_aالغطيمل، عبد الله بن حمد ناصر، _d1376 هجري- _eمؤلف. |
|
| 245 | 1 | 2 |
_aالفروق الفقهية في المذهب الحنبلي كما يراها ابن قدامة المقدسي / _cعبد الله بن حمد ناصر الغطيمل. |
| 250 | _aالطبعة الأولى. | ||
| 264 | 1 |
_a[مكان النشر غير محدد] : _b[الناشر غير محدد]، _c[1992] |
|
| 264 | 3 |
_aمكة المكرمة : _bمطابع الصفا |
|
| 300 |
_aاجزاء ؛ _c20 سم |
||
| 336 |
_aنص _btxt _2rdacontent _3كتاب |
||
| 337 |
_aبدون وسيط _bn _2rdamedia |
||
| 338 |
_aمجلد _bnc _2rdacarrier |
||
| 600 | 1 | 7 |
_aابن قدامة المقدسي، أحمد بن عبد الرحمن بن أحمد، _d651-689 هجري _2aucnm |
| 650 | 7 |
_aالفقه الحنبلي _2aucsh |
|
| 650 | 7 |
_aالقواعد الفقهية _2aucsh |
|
| 942 |
_2ddc _cBOOK _n0 |
||
| 949 |
_aSA-JeALM _d241201 _uosman123 _n1 |
||
| 999 |
_c3028 _d3028 |
||